Statistics for Hangman Game - Guess Three Countries! #3

Click here to take the quiz!

General Stats

  • This quiz has been taken 203 times
  • The average score is 17 of 18

Answer Stats

Answer % Correct
{S}
100%
{T}
99%
{A}
99%
{E}
99%
{O}
99%
{R}
98%
{I}
98%
{N}
98%
{M}
98%
{P}
98%
{H}
98%
{U}
97%
{B}
96%
{D}
96%
{C}
96%
Ethiopia
81%
Suriname
80%
Cambodia
80%

Score Distribution

Percentile by Number Answered

Percent of People with Each Score

Your Score History

You have not taken this quiz